000 00883nam a22002897a 4500
999 _c1195
_d1195
001 000378
003 CoMeUDC000378
005 20190202011231.0
008 030402r2002 mx 00110 spa d
020 _a9706862315
035 _aAHP5347 LA
040 _ala
_cCoMeUDC
041 0 _aspa
082 0 4 _a658.151
_bR696
_219 ed.
100 _aRodrguíez Valencia, Joaquín.
_91522
245 1 0 _aOrganización contable y administrativa de las empresas /
_cJoaquín Rodríguez Valencia.
250 _a3a. ed.
260 _aMéxico :
_bInternational Thomson Editores,
_c2002.
300 _aix, 187 p. ;
_c23 cm.
440 _aEconómico administrativas
_91523
504 _aIncluye bibliografía e índice.
650 6 _aContabilidad administrativa.
650 _aContabilidad.
650 0 _aAdministración de empresas.
_91524
942 _2ddc
_cBK
949 _an
_bn